|
|
|
|
| LEADER |
01466nam a22003735a 4500 |
| 001 |
7666 |
| 003 |
BD-DhAAL |
| 005 |
20231206122638.0 |
| 008 |
230316r20001980ii d 000 0 eng |
| 010 |
|
|
|a 99945508
|
| 020 |
|
|
|a 8185626006
|
| 025 |
|
|
|a I-E-99-945508; 523
|
| 035 |
|
|
|a (DLC) 99945508
|
| 037 |
|
|
|b Library of Congress -- New Delhi Field Office
|c Rs170.00
|
| 040 |
|
|
|a DLC
|c DLC
|d DLC
|d BD-DhAAL
|
| 042 |
|
|
|a lcode
|
| 050 |
0 |
0 |
|a PK1687
|
| 082 |
|
|
|a 423.9144
|2 23
|
| 100 |
1 |
|
|a Biswas, Sailendra,
|d 1918-
|9 53877
|
| 245 |
1 |
0 |
|a Samsad English-Bengali dictionary /
|c compiled by Sailendra Biswas ; revised by Subodhchandra Sengupta and Sudhangshukumar Sengupta.
|
| 250 |
|
|
|a Revised & enlarged fifth edition /
|b edited by Birendramohan Dasgupta.
|
| 260 |
|
|
|a Calcutta :
|b Sahitya Samsad,
|c c1980 [fifty impression 2000].
|
| 300 |
|
|
|a 1354 pages ;
|c 23 cm.
|
| 500 |
|
|
|a Originally published: 1980.
|
| 541 |
|
|
|e 7666
|
| 546 |
|
|
|a English and Bengali.
|
| 650 |
|
0 |
|a English language
|v Dictionaries
|x Bengali.
|9 3541
|
| 700 |
1 |
|
|a Sen Gupta, S. C.
|q (Subodh Chandra),
|d 1903-1998.
|9 53878
|
| 700 |
1 |
|
|a Sengupta, Sudhangshukumar.
|9 53879
|
| 700 |
1 |
|
|a Dasgupta, Birendramohan.
|9 53880
|
| 852 |
|
|
|a Ayesha Abed Library
|
| 942 |
|
|
|2 ddc
|c BK
|
| 999 |
|
|
|c 45602
|d 45602
|
| 952 |
|
|
|0 0
|1 0
|2 ddc
|4 0
|6 423_914400000000000_BIS
|7 0
|9 73422
|a BRACUL
|b BRACUL
|c REF
|d 2023-03-16
|g 223.00
|l 1
|m 6
|o 423.9144 BIS
|p 3010007666
|r 2025-01-13
|s 2024-11-24
|t 1
|w 2023-03-16
|y BK
|x Rs 175.00
|